| 000 | 00839nam a2200265 i 4500 | ||
|---|---|---|---|
| 001 | bg | ||
| 100 | 1 | _aKACZMAREK, Wiesław Alex | |
| 245 | 0 | 0 |
_aCertyfikacja CCNA : _bzasady przyłączania i routingu / _cWiesław Alex Kaczmarek. |
| 260 |
_aWarszawa : _b"Mikom", _c2004. |
||
| 300 |
_a704 s. : _bil ; _c24 cm. |
||
| 500 | _aTyt. okł.: "Certyfikacja CCNA - podstawy działania sieci komputerowych, zasady przełączania i routingu". | ||
| 504 | _aIndeks. | ||
| 650 | 9 | _aSieć komputerowa | |
| 650 | 9 | _aRuter | |
| 650 | 9 | _aCisco | |
| 655 | _aPodręczniki | ||
| 020 | _a8372793867 | ||
| 040 | _cBPK | ||
| 041 | 0 | _apol | |
| 080 | _a004.71/.73:004.77](07) | ||
| 920 | _a83-7279-386-7 | ||
| 942 | _cKS | ||
| 008 | s pl f |000 0 pol | ||
| 999 |
_c43991 _d43991 |
||
| 856 |
_uhttp://koha.tu.koszalin.pl/cgi-bin/koha/opac-detail.pl?biblionumber=43991 _yKatalog online BPK |
||